План-карта работ по укреплению Выборга

RUSMARC
00005770cmc2a2200000 x 450
0018aee3ac7-bc5c-419f-9285-555c80aa9abb
00520161012160649.0
2001#$aПлан-карта работ по укреплению Выборга
300##$aЗаголовок дела также: План-карта работ по укреплению города Выборга 1709 года. Синька
300##$aБумага. Тушь, карандаш, акварель
300##$aРукописный текст. Чернила
300##$aНа шведском языке
937##$hПБ
801#0$aRU
$bПБ им. Б.Н. Ельцина
$c20160111
801#1$aRU
$bПБ им. Б.Н. Ельцина
$c20161011
$2rusmarc
801#2$aRU
$bПБ им. Б.Н. Ельцина
$c20161011
$gRCR
$2rusmarc
100##$a20161011l17091709k y0rusy са
1010#$aswe
1220#$ad1709######
5171#$aПлан-карта работ по укреплению города Выборга 1709 года. Синька
461#0$1001c4c30068-c070-47bb-88e5-61dd43074524
$12001
$aКарты, планы, чертежи г. Выборга, Выборгской, Куопиоской, Миккельской губерний
$1251
$cФонд
$1852
$j531
462#0$10019a75f7fa-d3a6-4108-9e3d-0cd6123cd871
$12001
$aКарты, планы и чертежи г. Выборга, Выборгской, Куопиоской и Миккельской губерний
$vЕд. хр. 83
$1251
$cОпись
$1852
$j1
850##$aГосударственное казенное учреждение "Ленинградский областной государственный архив в г. Выборге" (ЛОГАВ)
852##$aЛен. обл. гос. архив в г. Выборге
$j83
215##$a1 лист
251##$cДокумент
120##$abaa
121##$aaaaa a
1231#$aa
124##$aa
$bd
$bj
50900$aВыборг
$hгород
$lПлан
50900$aВыборг
$hгород
$lКарта
686##$2rubbk
$a63.3(2Рос-4Лен-2Выборг)5я64
$vLBC/M
617##$2prlib_sh
$cЛенинградская область
605##$2acquisition_Prlib
$3LIBNET\UAF\0000011043
$aЛенинградская область: страницы истории
$lколлекция
605##$aТерритория России: Ленинградская область
$lколлекция
$2acquisition_Prlib
$3LIBNET\UAF\0000039012
605##$aТерритория
$lколлекция
$2acquisition_Prlib
$3DITM\AF\0000004675
607##$2nlr_sh
$3RU\NLR\AUTH\661593238
$aВыборг, город (Ленинградская область)
$jПланы
607##$aВыборг, город (Ленинградская область)
$2nlr_sh
$3RU\NLR\AUTH\6601595662
$xИстория
$z18 - нач. 20 вв.
Формат отображения